[Event "V Breizh Masters Women"]
[Site "Guingamp FRA"]
[Date "2007.02.21"]
[Round "6"]
[White "Benmesbah,N"]
[Black "Choisy,M"]
[Result "0-1"]
[WhiteElo "2179"]
[BlackElo "2079"]

1.e4 c5 2.Nf3 Nc6 3.d4 cxd4 4.Nxd4 e6 5.Nc3 a6 6.Be3 Nf6 7.Be2 d6 8.O-O Be7
9.f4 O-O 10.Qe1 Bd7 11.Rd1 Qc7 12.Qg3 Nxd4 13.Bxd4 b5 14.e5 dxe5 15.fxe5 Nd5
16.Ne4 f5 17.exf6 Qxg3 18.f7+ Rxf7 19.Nxg3 Rc8 20.c3 Rxf1+ 21.Rxf1 Nf6 22.Bf3 Bc6
23.Bxc6 Rxc6 24.Re1 Kf7 25.Ne4 Nxe4 26.Rxe4 Bc5 27.Kf2 Bxd4+ 28.Rxd4 Kf6
29.Ke3 Rc5 30.a4 Rg5 31.axb5 Rxb5 32.b4 a5 33.Rf4+ Ke7 34.Kd3 axb4 35.cxb4 Rg5
36.Rf2 Kd6 37.Kc4 h5 38.Rb2 Rg4+ 39.Kb5 e5 40.Ka6 e4 41.Rd2+ Ke5 42.h3 Rg6+
43.Ka7 e3 44.Rb2 Kd4 45.b5 Re6 46.Rb1 e2 47.Re1 Kd3 48.b6 Kd2 49.Rxe2+ Kxe2
50.b7 Re8 51.b8=Q Rxb8 52.Kxb8 h4  0-1

[Event "V Breizh Masters Women"]
[Site "Guingamp FRA"]
[Date "2007.02.21"]
[Round "6"]
[White "Greef,M"]
[Black "Marchadour,E"]
[Result "0-1"]
[WhiteElo "1930"]
[BlackElo "2079"]

1.e4 c5 2.Nf3 e6 3.d4 cxd4 4.Nxd4 Nc6 5.Nc3 Qc7 6.Be3 Nf6 7.f3 a6 8.Qd2 b5
9.g4 h6 10.O-O-O Ne5 11.Bf4 b4 12.Nce2 d5 13.h4 Bb7 14.Bg2 dxe4 15.g5 Nd5
16.fxe4 Nxf4 17.Qxf4 Bd6 18.Qd2 O-O-O 19.Kb1 Nc4 20.Qd3 hxg5 21.hxg5 Be7
22.Rxh8 Rxh8 23.Bh3 Rd8 24.Rg1 Kb8 25.Qg3 Qxg3 26.Rxg3 Nd2+ 27.Ka1 Nxe4 28.Rg1 Nxg5
29.Bg2 Bxg2 30.Rxg2 Kc7 31.a3 bxa3 32.bxa3 Bf6 33.c3 Ne4 34.Kb2 g6 35.Kc2 e5
36.Nf3 Kd6 37.Rg4 Nc5 38.Ng5 Bxg5 39.Rxg5 Ke6 40.Rg4 Rg8 41.Rc4 Kd5 42.Rh4 g5
43.c4+ Ke6 44.Rh6+ f6 45.Ng3 Rd8 46.Nh5 Ne4 47.Ng7+ Kf7 48.Nf5 Rd2+ 49.Kc1 Rd3
50.Rh2 Rxa3 51.Re2 Ng3 52.Nd6+ Ke6 53.Rd2 Nf1 54.Rd5 Ne3 55.Rd2 Nxc4 56.Nxc4 Rc3+
57.Rc2 Rxc2+ 58.Kxc2 Kd5 59.Kd3 e4+ 60.Kc3 f5 61.Ne3+ Ke5 62.Nc4+ Kf4 63.Kd4 g4
64.Ne3 g3 65.Ng2+ Kf3 66.Nh4+ Kf2 67.Nxf5 g2 68.Kxe4 g1=Q 69.Ke5 a5 70.Nd4 a4
71.Kd5 a3 72.Kc4 a2 73.Nb3 a1=Q 74.Nxa1 Qxa1  0-1

[Event "4th ch-Mediterranean"]
[Site "Cannes FRA"]
[Date "2007.02.22"]
[Round "6"]
[White "Apicella,M"]
[Black "Atalik,S"]
[Result "1-0"]
[WhiteElo "2534"]
[BlackElo "2586"]

1.e4 c5 2.Nf3 e6 3.d4 cxd4 4.Nxd4 Nc6 5.Nc3 Qc7 6.Be2 a6 7.O-O Nf6 8.Be3 Bb4
9.Na4 Be7 10.Nxc6 bxc6 11.Qd3 O-O 12.f4 d5 13.e5 Nd7 14.c4 Qa5 15.Qc2 Bb7
16.c5 Qc7 17.Bd3 g6 18.Bd4 a5 19.Qe2 Rfe8 20.Rf3 Rab8 21.g4 Bf8 22.h4 Bc8
23.a3 Rb3 24.Kg2 Qa7 25.Qc2 Rxd3 26.Rxd3 Ba6 27.Rh3 Bb5 28.Nb6 Nxb6 29.cxb6 Qd7
30.b4 Ra8 31.Qd2 axb4 32.axb4 Rxa1 33.Bxa1 c5 34.bxc5 d4 35.Qxd4 Qc6+ 36.Kg3 Ba6
37.Qf2 Bxc5 38.Bd4 Bb4 39.Qf3 Be1+ 40.Bf2 Qxb6 41.Rh1 Bxf2+ 42.Qxf2 Qb3+
43.Kh2 Bb7 44.Re1 Qd3 45.h5 Kg7 46.f5 exf5 47.gxf5 Qxf5 48.Qxf5 gxf5 49.Kg3 Bc8
50.Kf4 h6 51.Rg1+ Kf8 52.Ke3 Bd7 53.Kd4 Bc6 54.Rf1 Be4 55.Ke3 Kg7 56.Rg1+ Kh7
57.Kf4 Bd3 58.Rg3 Be4 59.Ke3 Bd5 60.Kd4 f4 61.Rg4 Bf3 62.Rh4 Be2 63.Kd5 Kg7
64.Kd6 Bd1 65.Ke7 Be2 66.Rxf4 Bxh5 67.Rf1 Bg6 68.Rg1 h5 69.Rg2 Kh6 70.Kf6 Bd3
71.Kxf7 h4 72.Kf6 Kh5 73.Rg5+ Kh6 74.e6  1-0

[Event "14th Belisce Metalis Open"]
[Site "Bizovac CRO"]
[Date "2007.02.24"]
[Round "5"]
[White "Pap,M"]
[Black "Kosic,D"]
[Result "1/2-1/2"]
[WhiteElo "2475"]
[BlackElo "2504"]

1.e4 c5 2.Nf3 Nc6 3.d4 cxd4 4.Nxd4 e6 5.Nc3 a6 6.Be3 Nf6 7.Bd3 Qc7 8.O-O Nxd4
9.Bxd4 Bc5 10.Bxc5 Qxc5 11.Kh1  1/2-1/2

[Event "Bundesliga 2006-7"]
[Site "Tegernsee GER"]
[Date "2007.02.24"]
[Round "10"]
[White "Luther,T"]
[Black "Sokolov,And1"]
[Result "0-1"]
[WhiteElo "2580"]
[BlackElo "2585"]

1.e4 c5 2.Nf3 e6 3.d4 cxd4 4.Nxd4 Nc6 5.Nc3 d6 6.Be3 Nf6 7.Qd2 Be7 8.f3 O-O
9.g4 a6 10.O-O-O Nd7 11.h4 Nde5 12.Qg2 Qc7 13.Nf5 b5 14.f4 Nc4 15.Bxc4 bxc4
16.Nxe7+ Nxe7 17.f5 Rb8 18.f6 Nc6 19.fxg7 Rd8 20.g5 Qb7 21.Na4 Ne5 22.Nb6 Qc6
23.Nxc8 Rdxc8 24.Bd4 Nd3+ 25.cxd3 cxd3+ 26.Bc3 Qxc3+ 27.bxc3 Rxc3+ 28.Kd2 Rc2+
29.Kxd3 Rxg2 30.Rb1 Rxb1 31.Rxb1 Rxa2 32.h5 Kxg7 33.h6+ Kg6 34.Rf1 Ra3+ 35.Ke2 Ra2+
36.Ke3 Ra3+ 37.Ke2 e5 38.Rf5 Rg3 39.Rf6+ Kxg5 40.Rxd6 f6 41.Rxa6 Rh3 42.Ra7 Rxh6
43.Kf3 Rh3+ 44.Kg2 Re3 45.Ra4 Kf4 46.Ra6 Rg3+ 47.Kf2 Rg6  0-1

[Event "Bundesliga 2006-7"]
[Site "Werder Bremen GER"]
[Date "2007.02.24"]
[Round "10"]
[White "Efimenko,Z"]
[Black "Stellwagen,D"]
[Result "0-1"]
[WhiteElo "2616"]
[BlackElo "2585"]

1.e4 c5 2.Nf3 e6 3.d4 cxd4 4.Nxd4 Nc6 5.Nc3 d6 6.Be2 Nf6 7.Be3 Be7 8.O-O O-O
9.f4 e5 10.Nxc6 bxc6 11.Kh1 exf4 12.Bxf4 Be6 13.Qe1 Nd7 14.Rd1 Qb8 15.Na4 Ne5
16.b3 Qc7 17.c4 Rad8 18.c5 d5 19.exd5 Bxd5 20.Nc3 Bxc5 21.Bc4 f6 22.Nxd5 cxd5
23.Rxd5 Kh8 24.Qe4 Rxd5 25.Bxd5 Qe7 26.h3 Rd8 27.Rd1 Qe8 28.Qc2 Bb6 29.Qe2 Rd6
30.a4 Qd7 31.Qe4 a5 32.Kh2 Qd8 33.b4 axb4 34.Qxb4 h6 35.Qb5 Rd7 36.Bg3 Ba7
37.Qb3 Nc6 38.a5 Nd4 39.Rxd4 Bxd4 40.Bc6 Ra7 41.Be4 Rxa5 42.Qf7 Qg8 43.Qd7 Be5
44.h4 Qb8 45.Bxe5 Rxe5  0-1

[Event "TCh-BEL 2006-7"]
[Site "Belgium BEL"]
[Date "2007.02.25"]
[Round "9"]
[White "Wiersma,E"]
[Black "Ooms,A"]
[Result "1-0"]
[WhiteElo "2406"]
[BlackElo "2222"]

1.e4 c5 2.Nf3 e6 3.d4 cxd4 4.Nxd4 Nc6 5.Nc3 Qc7 6.g3 a6 7.Bg2 b5 8.Nxc6 dxc6
9.O-O e5 10.a4 b4 11.Nb1 Nf6 12.Nd2 a5 13.b3 Bc5 14.Bb2 Ba6 15.Qf3 Bxf1 16.Rxf1 O-O
17.Nc4 Bd4 18.Bxd4 exd4 19.e5 Nd5 20.Rd1 Rae8 21.Rxd4 Rxe5 22.Nxe5 Qxe5 23.Qe4 Qb8
24.Qd3 Ne7 25.Rd7 Ng6 26.Qd6 Qe8 27.Kf1 h5 28.Ra7 h4 29.Rxa5 h3 30.Bxc6 Qc8
31.Ra8 Qf5 32.Rxf8+ Nxf8 33.Qxb4 Qxc2 34.Be4 Qd1+ 35.Qe1 Qxb3 36.a5 Ne6 37.Kg1 Nd4
38.Qb1 Nf3+ 39.Kh1 Qxb1+ 40.Bxb1 Nd2 41.a6 Nc4 42.a7  1-0

[Event "14th Belisce Metalis Open"]
[Site "Bizovac CRO"]
[Date "2007.02.25"]
[Round "7"]
[White "Vargic,D"]
[Black "Jurkovic,H"]
[Result "1-0"]
[WhiteElo "2360"]
[BlackElo "2442"]

1.e4 c5 2.Nc3 Nc6 3.Nf3 e6 4.d4 cxd4 5.Nxd4 Qc7 6.Be3 a6 7.Be2 Nf6 8.a3 Be7
9.O-O O-O 10.f4 d6 11.Nb3 b5 12.Bf3 Bb7 13.Qe2 Rac8 14.Rad1 b4 15.axb4 Nxb4
16.Rd4 d5 17.e5 Ne4 18.Bxe4 dxe4 19.Rc1 Rfd8 20.Rxd8+ Rxd8 21.Qf2 Nd5 22.Nxd5 Rxd5
23.Nd4 Rd7 24.c3 g6 25.h3 Qc4 26.Qg3 Bc5 27.Kh2 a5 28.f5 exf5 29.Bh6 e3 30.Bxe3 Qd3
31.Re1 Bd5 32.e6 fxe6 33.Qb8+ Kf7 34.Qh8 Bd6+ 35.Kg1 f4 36.Qxh7+ Ke8 37.Qg8+ Ke7
38.Bf2 Qc4 39.Bh4+  1-0

[Event "Bundesliga 2006-7"]
[Site "Tegernsee GER"]
[Date "2007.02.25"]
[Round "11"]
[White "Socko,B"]
[Black "Balogh,C"]
[Result "1-0"]
[WhiteElo "2629"]
[BlackElo "2616"]

1.e4 c5 2.Nf3 e6 3.d4 cxd4 4.Nxd4 Nc6 5.Nc3 a6 6.Nxc6 bxc6 7.Bd3 d5 8.O-O Nf6
9.Bg5 Be7 10.e5 Nd7 11.Bxe7 Qxe7 12.f4 O-O 13.Na4 a5 14.c4 Nc5 15.Nxc5 Qxc5+
16.Kh1 Ba6 17.Rc1 Qb4 18.Qc2 g6 19.Rf2 Rab8 20.h4 Qc5 21.h5 Kg7 22.Rf3 Rb4
23.a3 Rb6 24.Qd2 dxc4 25.h6+ Kg8 26.Be4 Rbb8 27.Qf2 Qxf2 28.Rxf2 Rfd8 29.Bxc6 Rd4
30.g3 Kf8 31.Rcc2 Rbd8 32.Bg2 Ke7 33.Kh2 Rd1 34.Bf3 R1d3 35.Bg2 R8d4 36.Bf1 Rd1
37.Kh3 Bb5 38.a4 Ba6 39.Rc3 Ra1 40.b3 Ra3 41.Rb2 Kd7 42.Bxc4 Bxc4 43.Rxc4 Rxc4
44.bxc4 Kc7 45.Kh4 Rxa4 46.Kg5 Ra3 47.Kf6 Rxg3 48.Kxf7 g5 49.f5 exf5 50.e6 Re3
51.Rb5 g4 52.Rc5+ Kd6 53.Rxa5 f4 54.Rd5+ Kc7 55.Rd4 g3 56.Rxf4 g2 57.Rg4 Re2
58.Kg7 Kd6 59.Kxh7 Kxe6 60.Kg6  1-0

[Event "X Malaga Open"]
[Site "Campillos ESP"]
[Date "2007.03.01"]
[Round "7"]
[White "Serrano Marhuenda,S"]
[Black "Rodriguez Lopez,Ra"]
[Result "1-0"]
[WhiteElo "2143"]
[BlackElo "2283"]

1.e4 c5 2.Nf3 Nc6 3.Nc3 e6 4.d4 cxd4 5.Nxd4 a6 6.a3 Qc7 7.Be2 Nf6 8.Be3 Be7
9.O-O O-O 10.f4 d6 11.Kh1 Bd7 12.Qe1 Nxd4 13.Bxd4 Bc6 14.Qg3 b5 15.Bd3 Qb7
16.Rad1 a5 17.e5 dxe5 18.fxe5 Ne4 19.Qg4 Nxc3 20.Bxc3 b4 21.axb4 axb4 22.Bd4 Rad8
23.Rf2 Rd7 24.Rdf1 Bb5 25.Rxf7 Rxf7 26.Bxh7+ Kf8 27.Rxf7+ Kxf7 28.Bg6+ Kf8
29.Qh5 Bd6 30.Qh8+  1-0

[Event "23rd Open"]
[Site "Cappelle la Grande FRA"]
[Date "2007.03.03"]
[Round "1"]
[White "Nabaty,T"]
[Black "Sokolov,And1"]
[Result "1/2-1/2"]
[WhiteElo "2424"]
[BlackElo "2585"]

1.e4 c5 2.Nf3 e6 3.d4 cxd4 4.Nxd4 Nc6 5.Nc3 d6 6.Be3 Nf6 7.f4 e5 8.Nf3 Ng4
9.Qd2 Nxe3 10.Qxe3 exf4 11.Qxf4 Be7 12.O-O-O O-O 13.Nd5 Be6 14.Bc4 Rc8 15.Bb3 Bxd5
16.Rxd5 Nb4 17.Rd4 a5 18.Kb1 Qb6 19.e5 d5 20.c3 Qg6+ 21.Ka1 Nc2+ 22.Bxc2 Qxc2
23.Qd2 Qg6 24.Rxd5 Rcd8 25.Rd1 Rxd5 26.Qxd5 Qxg2 27.Qxb7 Bc5 28.a3 a4 29.Ka2 h6
30.Rd7 Be3 31.Nd4 Qxb7 32.Rxb7 Bf4 33.Nf3 g5 34.h4 Rd8 35.hxg5 hxg5 36.Rb4 Kg7
37.Rxa4 Rd3 38.Ne1 Rd1 39.Re4 Kg6 40.e6 fxe6 41.Rxe6+ Kf5 42.Re2 g4 43.a4 g3
44.a5 Rd5 45.b4 Rd2+ 46.Rxd2 Bxd2 47.Nf3 Kf4 48.a6 Be3 49.Ne1 Ba7 50.c4 Ke3
51.c5 Kf2 52.Nd3+ Ke3 53.Ne1 Kf2 54.c6 Kxe1 55.c7 g2  1/2-1/2

[Event "2nd Trophee Universitaire"]
[Site "La Roche sur Yon FRA"]
[Date "2007.03.04"]
[Round "7"]
[White "Cornette,M"]
[Black "Hamdouchi,H"]
[Result "1/2-1/2"]
[WhiteElo "2482"]
[BlackElo "2602"]

1.e4 c5 2.Nf3 e6 3.d4 cxd4 4.Nxd4 Nc6 5.Nc3 Qc7 6.Be3 Nf6 7.Bd3 Nxd4 8.Bxd4 Bc5
9.Bxc5 Qxc5 10.O-O d6 11.Kh1 Bd7 12.a4 h5 13.Qd2 Rc8 14.Bb5 a6 15.Bxd7+ Nxd7
16.Rad1 Nb6 17.Qxd6 Qxd6 18.Rxd6 Nc4 19.Rd4 Nxb2 20.Rb1 Rxc3 21.Rxb2 O-O
22.g3  1/2-1/2

[Event "Interclubes Paulista"]
[Site "Sao Paulo BRA"]
[Date "2007.03.04"]
[Round "6"]
[White "Van Riemsdijk,H"]
[Black "Tsuboi,E"]
[Result "0-1"]
[WhiteElo "2392"]
[BlackElo "2356"]

1.e4 c5 2.Nf3 Nc6 3.Nc3 e6 4.d4 cxd4 5.Nxd4 Qc7 6.g3 a6 7.Bg2 d6 8.O-O Bd7
9.a4 Nf6 10.Nce2 Be7 11.c4 Nxd4 12.Qxd4 O-O 13.Nc3 Rac8 14.b3 Bc6 15.Bb2 Qa5
16.Nb5 axb5 17.axb5 Qc7 18.bxc6 e5 19.Qe3 Qxc6 20.Rfd1 Ra8 21.h3 Rxa1 22.Rxa1 Rc8
23.Qd3 Nd7 24.Bc1 Nc5 25.Qb1 Ne6 26.Bf1 Bg5 27.Bxg5 Nxg5 28.Bg2 Ne6 29.Ra5 h6
30.Qa2 b6 31.Ra7 Nd4 32.Kh2 Qc5 33.h4 h5 34.Ra8 g6 35.Ra7 Rc7 36.Ra8+ Rc8
37.Ra7 Rc7 38.Ra8+ Kg7 39.Qa4 Re7 40.Rb8 Ne2 41.Qa8 Qxf2 42.Rg8+ Kf6 43.Rxg6+ fxg6
44.Qf8+ Rf7 45.Qxd6+ Kg7 46.Qxe5+ Kh7 47.b4 Ng1 48.Qe6 Ne2 49.Qe5 Qg1+ 50.Kh3 Qd4
51.Qg5 Ng1+ 52.Kh2 Qf2 53.Qd5 Nf3+ 54.Kh3 Ne1  0-1

[Event "23rd Open"]
[Site "Cappelle la Grande FRA"]
[Date "2007.03.05"]
[Round "3"]
[White "Szelag,M"]
[Black "Sokolov,And1"]
[Result "0-1"]
[WhiteElo "2464"]
[BlackElo "2585"]

1.e4 c5 2.Nf3 e6 3.d4 cxd4 4.Nxd4 Nc6 5.Nc3 d6 6.Be3 Nf6 7.Be2 Be7 8.O-O O-O
9.f4 e5 10.Nb3 exf4 11.Bxf4 Be6 12.Kh1 d5 13.e5 Nd7 14.Nxd5 Ndxe5 15.Nxe7+ Qxe7
16.c3 Rad8 17.Qc2 f6 18.Rae1 Bf7 19.Bb5 a6 20.Bxc6 bxc6 21.Nd4 Qc5 22.Rd1 Nc4
23.Qc1 Rfe8 24.b3 Ne5 25.Be3 Qd5 26.Bg1 Bh5 27.Rde1 Nd3 28.Rxe8+ Rxe8 29.Qc2 Bg6
30.Qd2 Be4 31.c4 Qd7 32.Nf3 h6 33.Rd1 Qg4 34.Rf1 Kh7 35.Nd4 c5 36.Nf3 Nf4  0-1

[Event "23rd Open"]
[Site "Cappelle la Grande FRA"]
[Date "2007.03.05"]
[Round "3"]
[White "Radulski,J"]
[Black "Balogh,C"]
[Result "1/2-1/2"]
[WhiteElo "2475"]
[BlackElo "2616"]

1.e4 c5 2.Nc3 Nc6 3.Nf3 e6 4.d4 cxd4 5.Nxd4 d6 6.Nb3 Nf6 7.Bd3 Be7 8.O-O a6
9.f4 O-O 10.a3 b5 11.Qf3 Bb7 12.Be3 Rc8 13.Qh3 Nd7 14.e5 g6 15.exd6 Bxd6
16.Ne4 Be7 17.Nbc5 Nxc5 18.Nxc5 Bxc5 19.Bxc5 Ne7 20.Bf2 Nf5 21.Rad1 Qf6 22.c3 h5
23.Bxf5 exf5 24.Bd4 Qc6 25.Qf3 Qc7 26.Qg3 Qc6 27.Qf3 Qc7  1/2-1/2

[Event "I Open"]
[Site "La Laguna ESP"]
[Date "2007.03.05"]
[Round "1"]
[White "Cabrera Trujillo,J"]
[Black "Alonso Contreras,M"]
[Result "1-0"]
[WhiteElo "2279"]
[BlackElo "2046"]

1.e4 c5 2.Nf3 Nc6 3.Nc3 e6 4.d4 cxd4 5.Nxd4 Nf6 6.Ndb5 d6 7.Bf4 e5 8.Bg5 a6
9.Na3 b5 10.Bxf6 gxf6 11.Nd5 Bg7 12.c3 f5 13.exf5 Bxf5 14.Nc2 O-O 15.Nce3 Be6
16.Bd3 f5 17.O-O Kh8 18.Qh5 Qd7 19.Nb6 Qe8 20.Qxe8 Raxe8 21.f4 e4 22.Be2 b4
23.Nbd5 a5 24.Nc7 bxc3 25.Nxe8 Bd4 26.Kf2 cxb2 27.Rad1 Rxe8 28.Bb5 Rc8 29.Bxc6 Bxe3+
30.Kxe3 Rxc6 31.Rb1 Rc2 32.Rf2 Rc3+ 33.Kd2 e3+ 34.Kxc3 exf2 35.Rf1 Bxa2 36.Kxb2 Bc4
37.Rxf2 a4 38.Rd2 d5 39.Ka3 Bb3 40.Rd4 Kg7 41.Rb4 Kg6 42.g3 Kf6 43.Rb6+ Kf7
44.Kb4 Bc2 45.Kc5 Bb3 46.Ra6 Kg7 47.Kd4 Kf7 48.Ke5 Kg7 49.Kxf5  1-0

[Event "2nd Trophee Universitaire"]
[Site "La Roche sur Yon FRA"]
[Date "2007.03.05"]
[Round "8"]
[White "Libiszewski,F"]
[Black "Cornette,M"]
[Result "1/2-1/2"]
[WhiteElo "2469"]
[BlackElo "2482"]

1.e4 c5 2.Nf3 Nc6 3.d4 cxd4 4.Nxd4 e6 5.Nc3 a6 6.Nxc6 bxc6 7.e5 Qc7 8.f4 d6
9.exd6 Bxd6 10.Qg4 g6 11.Ne4 Bb4+ 12.c3 Be7 13.Qf3 Bb7 14.Bd3 c5 15.Qe2 Nf6
16.O-O O-O 17.Nxf6+ Bxf6 18.Be3 Rfd8 19.Rad1 Bd5 20.Bc4 Bxc4 21.Qxc4 Qb7
22.Qb3 Qc6 23.Qc4 Qb7 24.b3 Qb5 25.Rxd8+ Rxd8 26.Qxb5 axb5 27.Bxc5 Bxc3 28.Be3 b4
29.g3 Kg7 30.Kg2 Rd3 31.Kf2 Bd2 32.Ke2 Rxe3+ 33.Kxd2 Rc3 34.Rb1 Rf3 35.Ke2 Rc3
36.Kd2 Rf3 37.Ke2  1/2-1/2

[Event "I Open"]
[Site "La Laguna ESP"]
[Date "2007.03.06"]
[Round "2"]
[White "Vega Gutierrez,S"]
[Black "Marrero Falcon,H"]
[Result "1-0"]
[WhiteElo "2297"]
[BlackElo "1929"]

1.e4 c5 2.Nf3 e6 3.d4 cxd4 4.Nxd4 Nc6 5.Nc3 Qc7 6.Be3 a6 7.f4 b5 8.Bd3 Bb7
9.Qf3 Nf6 10.g4 d6 11.g5 Nd7 12.O-O-O Nc5 13.Kb1 Na4 14.Nxa4 bxa4 15.Qh3 Nxd4
16.Bxd4 d5 17.g6 dxe4 18.gxf7+ Qxf7 19.Be2 h5 20.Rhg1 Rh6 21.Rg5 g6 22.Re5 Be7
23.Bc4 Rd8 24.Bxe6 Qxf4 25.Bd7+ Rxd7 26.Qxd7+ Kxd7 27.Be3+ Ke8 28.Bxf4 Rh7
29.Bg5 Rf7 30.c4 Kf8 31.Bxe7+ Rxe7 32.Rd8+ Kf7 33.Rxe7+ Kxe7 34.Rb8 Bc6 35.Rb6 Kd6
36.Rxa6 Kc5 37.b4+ axb3 38.axb3 e3 39.b4+ Kd6 40.Kc2  1-0

[Event "I Open"]
[Site "La Laguna ESP"]
[Date "2007.03.06"]
[Round "2"]
[White "Fernandez Garcia,JoseL"]
[Black "Kraus,O"]
[Result "1-0"]
[WhiteElo "2463"]
[BlackElo "2124"]

1.e4 c5 2.Nf3 e6 3.d4 cxd4 4.Nxd4 Nc6 5.Nc3 Qc7 6.Be2 a6 7.O-O Nf6 8.Be3 Bb4
9.Na4 Be7 10.c4 Nxe4 11.Rc1 O-O 12.c5 Rb8 13.Bf3 Ng5 14.Nb6 f5 15.Re1 Nxd4
16.Bxd4 Bf6 17.Bxf6 Rxf6 18.Nd5 exd5 19.Re8+ Kf7 20.Rh8 Nxf3+ 21.Qxf3 d6
22.Qf4 Be6 23.cxd6 Qxc1+ 24.Qxc1 Rxh8 25.Qc7+ Kg6 26.Qe7 Bf7 27.h4 Re8 28.Qc7 Be6
29.d7 Bxd7 30.Qxd7 Rfe6 31.Qxd5 R8e7 32.Kh2 Kf6 33.Kg3 h6 34.Qd8 Kf7 35.f3 Re2
36.Qd5+ Kf6 37.Qd4+ Kf7 38.h5 g5 39.Qh8 R2e6 40.Qh7+ Ke8 41.Qxf5 Kd8 42.a4 Kc7
43.b4 Kd8 44.Qc5 Kd7 45.b5 axb5 46.axb5 b6 47.Qc3 Kd8 48.Qa3 Ke8 49.Qa8+ Kd7
50.Qb7+ Kd8 51.Qb8+ Kd7 52.Kg4 Rd6 53.Qb7+ Ke6 54.Qe4+ Kd7 55.Qc4 Re5 56.g3 Rc5
57.Qf7+ Kc8 58.f4 gxf4 59.gxf4 Rcd5 60.Qe7 Kb8 61.Qf8+ Kb7 62.Qe7+ Kb8 63.Qf7 Ka8
64.Qg7 Kb8 65.Kf3 Rd3+ 66.Ke4 R3d5 67.Qg8+ Kc7 68.Qxd5  1-0

[Event "ch-SRB"]
[Site "Vrsac SRB"]
[Date "2007.03.06"]
[Round "3"]
[White "Vuckovic,Bo"]
[Black "Arsovic,Z"]
[Result "1-0"]
[WhiteElo "2551"]
[BlackElo "2457"]

1.e4 c5 2.Nf3 e6 3.d4 cxd4 4.Nxd4 Nc6 5.Nc3 Qc7 6.Be3 a6 7.Qd2 Nf6 8.O-O-O d6
9.f3 Nxd4 10.Bxd4 Be7 11.g4 O-O 12.Kb1 Nd7 13.g5 b5 14.h4 b4 15.Na4 Bb7 16.Qxb4 Bc6
17.Nc3 Rfb8 18.Qc4 Qb7 19.b3 Bb5 20.Nxb5 axb5 21.Qc3 Ra3 22.g6 hxg6 23.h5 e5
24.Be3 Qa6 25.Rd5 Nf6 26.Rxb5 Rxb5 27.hxg6 d5 28.exd5 Nxd5 29.Qxe5 Qxg6 30.Bxb5 Nxe3
31.Qxe3 Bf8 32.Qe4 Qxe4 33.fxe4 Bd6 34.Ba4  1-0

[Event "23rd Open"]
[Site "Cappelle la Grande FRA"]
[Date "2007.03.07"]
[Round "6"]
[White "Ni Hua"]
[Black "Vovk,A"]
[Result "1/2-1/2"]
[WhiteElo "2632"]
[BlackElo "2487"]

1.e4 c5 2.Nf3 e6 3.d4 cxd4 4.Nxd4 Nc6 5.Nc3 a6 6.Nxc6 bxc6 7.Bd3 d5 8.O-O Qc7
9.Re1 Bb7 10.Na4 Nf6 11.e5 Nd7 12.Qe2 Nb6 13.Nxb6 Qxb6 14.Be3 Qc7 15.Bf4 c5
16.c4 d4 17.Rad1 Qc6 18.Qg4 h5 19.Qg3 Qa4 20.b3 Qa5 21.Bg5 Qc7 22.h4 a5 23.Be4 Bxe4
24.Rxe4 Rh7 25.a3 Rb8 26.b4 axb4 27.axb4 f5 28.Ree1 g6 29.Bf6 Rxb4 30.Qxg6+ Qf7
31.Qg3 Qb7 32.Ra1 Kf7 33.Ra5 Rb3 34.Ra7 Qxa7 35.Qxb3 Bg7 36.Bxg7 Rxg7 37.Qf3 Kg6
38.Qc6 Re7 39.Rd1 Qc7 40.f4  1/2-1/2

[Event "I Open"]
[Site "La Laguna ESP"]
[Date "2007.03.07"]
[Round "4"]
[White "Zambrana,O"]
[Black "Epishin,V"]
[Result "1/2-1/2"]
[WhiteElo "2495"]
[BlackElo "2554"]

1.e4 c5 2.Nf3 e6 3.d4 cxd4 4.Nxd4 Nc6 5.Nc3 Qc7 6.Be3 a6 7.Qd2 Nf6 8.f3 Ne5
9.O-O-O Bb4 10.Nb3 O-O 11.Qd4 Nc6 12.Qb6 Qxb6 13.Bxb6 Bxc3 14.bxc3 d5 15.Nc5 Re8
16.Bd3 h6 17.c4 Ne5 18.cxd5 exd5 19.Rhe1 Nxd3+ 20.cxd3 Be6 21.Kb2 Rec8 22.Rc1 Rc6
23.Na4 Bd7 24.Rxc6 Bxc6 25.Nc3 dxe4 26.dxe4 Nd7 27.Bf2 f6 28.Rd1 Kf7 29.Ne2 Ne5
30.Kb3  1/2-1/2

[Event "23rd Open"]
[Site "Cappelle la Grande FRA"]
[Date "2007.03.08"]
[Round "7"]
[White "Vovk,A"]
[Black "Grigoriants,S RUS"]
[Result "1/2-1/2"]
[WhiteElo "2487"]
[BlackElo "2592"]

1.e4 c5 2.Nf3 e6 3.d4 cxd4 4.Nxd4 Nc6 5.Nc3 a6 6.Nxc6 bxc6 7.e5 Qc7 8.f4 d5
9.exd6 Bxd6 10.Qf3 Nf6 11.Bd3 Rb8 12.Ne4 Nxe4 13.Bxe4 c5 14.Bc6+ Ke7 15.O-O c4
16.b3 Rd8 17.Be3 g6 18.Rad1 Bd7 19.Bxd7 Rxd7 20.Qf2 Kf8 21.Rd4 cxb3 22.axb3 Rbd8
23.Ra4 Qc6 24.Rc4 Qb5 25.Rd1 Be7 26.Rxd7 Rxd7 27.Rd4 Rc7 28.Rd2 Ke8 29.Qf3 Qc6
30.Qxc6+ Rxc6 31.Bd4 Bb4 32.Re2 Bc3 33.Bxc3 Rxc3 34.Kf2 a5 35.Ke1 a4 36.Kd2 Rc6
37.Kd3 axb3 38.cxb3 Kd7 39.Ra2 Rc7 40.b4 h5 41.Kd4 f6 42.h4 Rc1 43.Ra3 Rg1
44.g3 Kc6 45.Re3 Kb5 46.Ke4 Rd1 47.Kf3 Rd6 48.Re4 f5  1/2-1/2

[Event "23rd Open"]
[Site "Cappelle la Grande FRA"]
[Date "2007.03.08"]
[Round "7"]
[White "Oleksienko,M"]
[Black "Bocharov,D"]
[Result "0-1"]
[WhiteElo "2541"]
[BlackElo "2602"]

1.e4 c5 2.Nf3 Nc6 3.d4 cxd4 4.Nxd4 e6 5.Nc3 Qc7 6.Be2 a6 7.O-O Nf6 8.Kh1 Be7
9.f4 d6 10.Nxc6 bxc6 11.Qd3 O-O 12.b3 a5 13.Qg3 d5 14.e5 Nd7 15.Na4 f5 16.Qh3 Nb6
17.Nxb6 Qxb6 18.Be3 c5 19.Bf3 Bb7 20.c3 Rfd8 21.Rad1 Rd7 22.g4 Rf8 23.Kg1 g6
24.Rd2 Rfd8 25.gxf5 exf5 26.Rfd1 d4 27.Bxb7 Qxb7 28.Qg2 Qb6 29.Qe2 Kg7 30.Qc4 Qb7
31.cxd4 Qf3 32.Qe2 Qxe2 33.Rxe2 cxd4 34.Red2 Bc5 35.Kg2 Kf7 36.Bf2 Ke6 37.h4 Be7
38.Rd3 Rc8 39.Rxd4 Rxd4 40.Rxd4 Rc2 41.Rc4 Rxa2 42.Kg1 Rb2 43.Rc3 Kd5 44.Re3 Bc5
45.e6 Bxe3 46.e7 Re2 47.Kf1 Bc5 48.Kxe2 Bxe7 49.Kd3 Bd6 50.Be1 Bxf4 51.Bxa5 Bg3
52.Bd8 Bd6 53.Bg5 Bb4 54.Ke3 Ke6 55.h5 Be7 56.Bh6 g5 57.b4 g4 58.b5 Bc5+
59.Kf4 Bd6+ 60.Ke3 Kd5  0-1

[Event "TCh-AUT 2006-7"]
[Site "Mattersburg AUT"]
[Date "2007.03.08"]
[Round "8"]
[White "Zsifkovits,R"]
[Black "Baumegger,S"]
[Result "0-1"]
[WhiteElo "2172"]
[BlackElo "2418"]

1.e4 c5 2.Nf3 e6 3.d4 cxd4 4.Nxd4 Nc6 5.Nc3 Qc7 6.Be2 a6 7.O-O Nf6 8.Kh1 Be7
9.f4 d6 10.f5 O-O 11.Be3 Nxd4 12.Bxd4 b5 13.a3 Bb7 14.Bd3 Rae8 15.Qf3 exf5
16.Qxf5 Qc8 17.Qg5 h6 18.Qg3 Qg4 19.Qe3 Nd7 20.Rf4 Qe6 21.Qg3 Bf6 22.Bxf6 Nxf6
23.Qf3 Nd7 24.Rf1 Ne5 25.Qg3 Qd7 26.Rf5 Bc6 27.Ne2 Qb7 28.Nc3 b4 29.axb4 Qxb4
30.Bxa6 Qxb2 31.R5f2 Qb4 32.Nd5 Bxd5 33.exd5 Qa5 34.Bb7 Qc5 35.h3 Re7 36.Bc6 Nxc6
37.dxc6 Qxc6 38.Rd1 Re6 39.Qb3 Qc5 40.Rdf1 d5 41.Rd2 Re5 42.Qg3 Qe7 43.Rfd1 Qe6
44.Rd3 Rc8 45.R3d2 Rc4 46.Rf1 Rce4 47.Rdf2 f5 48.Qd3 Re3 49.Qd1 Kh7 50.Qh5 g6
51.Qh4 g5 52.Qd4 Kg6 53.Qc5 Re1 54.Kh2 Rxf1 55.Rxf1 Re2 56.c3 Qe4 57.Rg1 Qe5+
58.Kh1 Re3 59.Qc6+ Kg7 60.Qd7+ Kg6 61.Qc6+ Qe6 62.Qxe6+ Rxe6 63.Rd1 Re5 64.Rd4 h5
65.Kg1 f4 66.c4 dxc4 67.Rxc4 Kf5 68.Kf2 g4 69.hxg4+ hxg4 70.Ra4 Rb5 71.Ra1 Rb2+
72.Kf1 Kg5 73.Kg1 Kh4 74.Rc1 Kg3 75.Kh1 Re2 76.Ra1 f3 77.gxf3 gxf3 78.Rg1+ Kh3  0-1

[Event "23rd Open"]
[Site "Cappelle la Grande FRA"]
[Date "2007.03.09"]
[Round "8"]
[White "Sokolov,And1"]
[Black "Vovk,A"]
[Result "0-1"]
[WhiteElo "2585"]
[BlackElo "2487"]

1.e4 c5 2.Nf3 e6 3.d4 cxd4 4.Nxd4 Nc6 5.Nc3 a6 6.Nxc6 bxc6 7.Bd3 d5 8.O-O Nf6
9.Bg5 Be7 10.e5 Nd7 11.Bxe7 Qxe7 12.f4 Rb8 13.Rb1 a5 14.Na4 Nc5 15.Nxc5 Qxc5+
16.Kh1 g6 17.c3 O-O 18.h4 h5 19.Qf3 Qe7 20.Qg3 c5 21.Rf2 Bd7 22.Rbf1 Bb5
23.Bxb5 Rxb5 24.f5 exf5 25.Rxf5 Rxb2 26.Rf6 Re2 27.R1f5 Kh7 28.Rg5 Rg8 29.Qf3 Re1+
30.Kh2 Kg7 31.Qxh5 Qxe5+ 32.Rxe5 gxh5 33.Rff5 Rxe5 34.Rxe5 Rd8 35.Kg3 f6
36.Re7+ Kg6 37.Kf3 d4 38.cxd4 cxd4 39.Ke2 d3+ 40.Kd2 Kf5 41.Rc7 Ke4 42.Rc5 Rd4
43.Rxa5 Rc4 44.Ra6 Rc2+ 45.Kd1 f5 46.g3 Rg2 47.Re6+ Kd5 48.Ra6 Rxg3 49.Kd2 f4
50.a4 Ke4 51.Re6+ Kf5 52.Re8 Kg4 53.a5 Kxh4 54.a6 Rg2+ 55.Kxd3 Ra2 56.a7 Rxa7
57.Ke4 Kg3 58.Rg8+ Kf2 59.Kxf4 Ra4+ 60.Kf5 h4 61.Rb8 h3 62.Rb2+ Kg3 63.Rb3+ Kh4
64.Rb2 Kh5 65.Rc2 Kh4 66.Rb2 Ra1 67.Rb4+ Kg3 68.Rg4+ Kf3 69.Rf4+ Kg2 70.Rg4+ Kh1
71.Ke4  0-1

[Event "Mediterranean Flower WGM"]
[Site "Rijeka CRO"]
[Date "2007.03.09"]
[Round "8"]
[White "Fierro Baquero,M"]
[Black "Voicu,C"]
[Result "0-1"]
[WhiteElo "2339"]
[BlackElo "2359"]

1.e4 c5 2.Nf3 e6 3.d4 cxd4 4.Nxd4 Nc6 5.Nc3 Qc7 6.g3 d6 7.Bg2 Bd7 8.O-O Nf6
9.Ndb5 Qb8 10.Bf4 Ne5 11.a4 a6 12.Nd4 Qc7 13.Qe2 Be7 14.Rfd1 O-O 15.Bc1 Rfd8
16.Kh1 Rac8 17.a5 Nc4 18.Nb3 Be8 19.g4 h6 20.f4 d5 21.exd5 Nxd5 22.Rxd5 exd5
23.Nxd5 Rxd5 24.Bxd5 Bh4 25.Be3 Qe7 26.Bxc4 Bc6+ 27.Kg1 Qe4 28.Kf1 Re8 29.Qd2 Qf3+  0-1

[Event "23rd Open"]
[Site "Cappelle la Grande FRA"]
[Date "2007.03.10"]
[Round "9"]
[White "Gashimov,V"]
[Black "Bocharov,D"]
[Result "1-0"]
[WhiteElo "2658"]
[BlackElo "2602"]

1.e4 c5 2.Nf3 Nc6 3.Nc3 e6 4.d4 cxd4 5.Nxd4 Qc7 6.Be3 a6 7.Qd2 b5 8.Nxc6 dxc6
9.O-O-O e5 10.f4 Nf6 11.fxe5 Ng4 12.Bd4 Be6 13.Be2 Nxe5 14.Qe3 Be7 15.Qg3 Bf6
16.Bc5 Qa5 17.a3 Ng6 18.Bg4 Be5 19.Qf3 Bxg4 20.Qxg4 Qc7 21.Ne2 Qc8 22.Qf5 Qxf5
23.exf5 Nh4 24.Rdf1 g6 25.Nd4 Nxf5 26.Nxc6 Rc8 27.Nxe5 Rxc5 28.Re1 Ne7 29.Re2 Rc7
30.Rd1 f6 31.Nf3 Kf7 32.Rd6 Ra8 33.Ree6 a5 34.Rxf6+ Kg7 35.Ng5 Rac8 36.Ne6+ Kxf6
37.Nxc7+ Kg5 38.Nxb5 Nf5 39.Rd3 Rf8 40.Nc7 Rf7 41.Ne6+ Kg4 42.b4 axb4 43.axb4 Re7
44.Nd4 Ne3 45.Nc6 Re6 46.b5 Kf4 47.b6 Nxc2 48.b7  1-0